000
00350nam a2200133Ia 4500
008
151213s9999 xx 000 0 und d
100
_a
Juseph Bristo
245
_a
Harvester new reading : Robert Browning
_c
Juseph Bristo
260
_a
New York
_b
Hervester
_c
1991
300
_a
1876 p.
650
_a
English
700
_a
Juseph Bristo
999
_c
1381
_d
1381